000 00432nam a2200181Ia 4500
001 2027
005 20260306143812.0
008 260306t2019||||xx |||||||||||||| ||spa||
041 _aESP
082 _a611.0181
_bL562
100 _aLodish, Harvey,
_eAUT
245 0 _aBiología celular y molecular
260 _c2019
300 _axxxiii, 1154 páginas :
_c28 cm.
650 _aGEN
654 _aCCS
942 _cLIB
_dJUS
_fJUS
_2ddc
_n
999 _c2027
_d2027